000 00623nam a2200157 a 4500
001 000044165
005 20201002045205.0
008 140603s2010 dr ac 001 0 spa d
040 _aDO-SdBNP
_bspa
_cBNPHU
100 1 _aCassó García, Antonio de Jesús
_972171
245 1 0 _aTrujillo en la ruta del oro /
_cAntonio de Jesús Cassó García ; prólogo Daniel Efrain Raimundo.
260 _aCotuí, República Dominicana :
_bPowergraph,
_c2010.
300 _a177 p. :
_bil., retrs. ;
_c22 cm.
500 _aIncluye datos biográficos del autor en la contracubierta
700 1 2 _aCassó García, Antonio de Jesús
_epról.
_972171
999 _c43654
_d43654